Integrable systems and foliations = Feuilletages et systèmes intégrables /

Guardado en:
Otros Autores: Molino, Pierre, 1935-, Albert, C. 1944- (Editor ), Brouzet, Robert, 1960- (Editor ), Dufour, Jean-Paul. (Editor )
Formato: Libro
Idioma:English
French
Publicado: Boston : Birkhäuser, c1997.
Series:Progress in mathematics (Boston, Mass.) ; v. 145.
Materias:
Etiquetas: Agregar Etiqueta
Sin Etiquetas, Sea el primero en etiquetar este registro!
LEADER 02429cam a2200373 a 4500
001 MAT.inmabb003622
008 961030s1997####mau######b####111#0#eng##
005 20170530130856.0
245 0 0 |a Integrable systems and foliations =  |b Feuilletages et systèmes intégrables /  |c Claude Albert, Robert Brouzet, Jean Paul Dufour, editors. 
260 |a Boston :  |b Birkhäuser,  |c c1997. 
300 |a x, 212 p. ;  |c 25 cm. 
490 1 |a Progress in mathematics ;  |v v. 145 
546 |a Inglés y francés. 
500 |a Actas del coloquio 'Systèmes Intégrables et Feuilletages', realizado en Montpellier, Francia, 22 al 26 de mayo de 1995, en homenaje al 60º aniversario de Pierre Molino. 
504 |a Incluye referencias bibliográficas. 
505 0 |a Yves Benoist, Orbites des structures rigides (d'après M. Gromov) -- Grant Cairns, Barry Jessup and Jane Pitkethly, On the Betti numbers of nilpotent Lie algebras of small dimension -- Vincent Cavalier and André Haefliger, Réalisations feuilletées de quelques pseudogroupes -- Hermann Flaschka and Tudor Ratiu, A Morse-theoretic proof of Poisson Lie convexity -- Étienne Ghys, Sur l'uniformisation des laminations paraboliques -- André Lichnerowicz, Extensions essentielles privilégiées d'algèbres de Lie classiques de dimension infinie -- Gaël Meigniez, Holonomy groups of solvable Lie foliations -- Ieke Moerdijk, On the weak homotopy type of étale groupoids -- Francisco Javier Turiel, Classification globale des formes différentielles transitives sur la sphère $S5$ -- Izu Vaisman, A lecture on Poisson-Nijenhuis structures -- Pol Vanhaecke, Integrable Hamiltonian systems associated to families of curves and their bi-Hamiltonian structure. 
510 4 |a MR,  |c 97h:58003 
020 |a 0817638946 
020 |a 3764338946 (Basel) 
700 1 |a Molino, Pierre,  |d 1935- 
700 1 |a Albert, C.  |q (Claude),  |d 1944-  |4 edt 
700 1 |a Brouzet, Robert,  |d 1960-  |4 edt 
700 1 |a Dufour, Jean-Paul.  |4 edt 
830 0 |a Progress in mathematics (Boston, Mass.) ;  |v v. 145. 
246 3 1 |a Feuilletages et systèmes intégrables 
650 0 |a Foliations (Mathematics)  |x Congresses. 
650 0 |a Differentiable dynamical systems  |x Congresses. 
650 0 |a Symplectic manifolds  |x Congresses. 
084 |a 58-06 (57R30)  |2 MR 
084 |a 37J35  |2 msc2000 
010 |a  96048688  
040 |a DLC  |c DLC  |d DLC 
041 0 |a eng  |a fre 
859 |h 58  |i In615  |p A-7545  |b BIB. MATEMATICA